MDQL
is popping MORE tags! Check the
thread
!
Quizzes
Events
Quiz Creation
Community
Videos
Private Events
Remove Ads
Sign In
Join for FREE
Feedback
Dark Mode
Quiz Categories
Sports
Geography
Music
Movies
Television
Just For Fun
Miscellaneous
History
Literature
Language
Science
Gaming
Entertainment
Religion
Holiday
For Kids
Quiz Lab
Recent
Popular Today
Quiz Kudos Today
Editor Picks
Curator Picks
Quizzes by...
Day
Popularity
Type
Ratings
Length
Year
Community
Subscriptions
Recent Discussions
Orange Saloon
Badges
Playlists
Quests
Create
Leaderboards
Showdown
Live 5
Trivia Bingo
Activity
Puzzle Library
Sporcle Events
Private Events
Virtual Trivia
Globe League
Become a Host
Pub Owners
SporcleCon
Opinionation
Our Games
Videos
Blog
Mobile Apps
Partnerships
Remove Ads and Go Orange
Feedback
Religion
Mythology
Religious Music
World Religions
Bible
Christianity
Catholicism
Judaism
Church
Scripture
Islam
Verse
Religion
Mythology
Religious Music
World Religions
Bible
Christianity
Catholicism
Judaism
Church
Scripture
Islam
Verse
Random Quiz
Search Sporcle
×
Curator Pick
Curator Pick
Religion
Canada
Type in answers that appear in a list
Type in answers that appear in a list
Classic
Best Score? Go Orange.
Anglican dioceses of Canada Stats
Can you name the Anglican dioceses of Canada?
By
AdamBishop
8m
30 Questions
194 Plays
194 Plays
194 Plays
Comments
Comments
Give Quiz Kudos
Give Quiz Kudos
-
- Ratings
hide this ad
Replay
Link that replays current quiz
Next Quiz
Link to next quiz in quiz playlist
You Got
0%
They Got
Avg Score
38%
Avg Friend Score
Upgrade to see
Score Distribution
Jump to the score distribution portion of the page
Score
0/30
Timer
08:00
0
Plays Today
Church province
Diocese
% Correct
Ontario
Toronto
91.2%
Canada
Montreal
81.4%
Canada
Quebec
77.3%
Ontario
Ottawa
76.8%
Rupert's Land
Edmonton
68.6%
Rupert's Land
Calgary
67%
Rupert's Land
Saskatoon
55.7%
British Columbia and the Yukon
Yukon
50.5%
British Columbia and the Yukon
British Columbia
42.8%
Rupert's Land
Saskatchewan
39.2%
Canada
Fredericton
35.1%
Ontario
Ontario
35.1%
Ontario
Niagara
33%
Rupert's Land
Rupert's Land
30.4%
Rupert's Land
Brandon
28.9%
Church province
Diocese
% Correct
British Columbia and the Yukon
New Westminster
27.3%
Ontario
Algoma
25.3%
Ontario
Huron
24.7%
Rupert's Land
Arctic
24.2%
Canada
Western Newfoundland
23.7%
Canada
Central Newfoundland
23.2%
Canada
Eastern Newfoundland and Labrador
22.2%
Canada
Nova Scotia and Prince Edward Island
21.6%
Rupert's Land
Athabasca
21.6%
Rupert's Land
Qu'Appelle
21.6%
Ontario
Moosonee
20.6%
British Columbia and the Yukon
Caledonia
20.1%
British Columbia and the Yukon
Kootenay
20.1%
Rupert's Land
Keewatin
20.1%
British Columbia and the Yukon
Anglican Parishes of the Central Interior
17%
Quiz Playlist
Details
Report
Send in Message
Add To Playlist
Classic:
Type in answers that appear in a list
Quiz Source
Last Updated: Sep 13, 2017
Curator Pick in
Canada
Quiz Scoreboard
CHALLENGE
Sign Up to Join the Scoreboard
Show All
Scores
Hide
Comments
May contain spoilers
Recently Published
Street Fighter Characters
by Artimus82
Gaming
60s
9x9 Crossword: Cartoon Network
by jackfrog10
Miscellaneous
3m
College Basketball Coaching Resumes
by pancakes188
Sports
9m
More to Explore
Quiz From the Vault
Featured Blog Post
Where Did the Easter Bunny Come From?
hide this ad
You Might Also Like...
Tags
Canada Quiz
Christianity Quiz
anglican
diocese
Today's Top Quizzes in Religion
Browse Religion
hide this ad
Today's Top Quizzes in Canada
Browse Canada
Top Contributed Quizzes in Religion
1
5-to-1: Children of Gods
2
5-to-1: European Churches
3
One Thing in Common: Mythology
4
One Thing in Common: Mythology II
5
Mythological Creature Bunker
6
Prime Time: Religion
7
10 to 1: Islam
8
One Thing in Common: Religion
9
Murdered Mythical Monsters
10
One Thing in Common: Religion and Mythology
Explore More
Trending Topics
Disney
Anime
Crossword
Marvel
NBA
Kpop
Harry Potter
Country
Song
WWE
Soccer
Puzzle
The Office
NFL
Pokémon
hide this ad
More By:
AdamBishop
Quiz
Plays
Rating
Category
Featured
Created
Viking Countries
128,676
4.53
History
Oct 13, 2010
Countries Colonized by Ancient Greeks
106,995
4.34
Geography
Oct 8, 2010
Populous French Cities, 1000-2006
96,157
4.60
Geography
Apr 18, 2011
Countries Visited by Captain Cook
80,654
4.69
History
Sep 13, 2010
People Whose Names Are Sentences
69,690
4.00
Language
Jul 8, 2011
Go to Creator's Profile
Score Distribution
Quiz Creator Spotlight
AdamBishop
Follow
Send a Message
Quizzes Created
-
Created Quiz Play Count
-
More By This Creator
Popular Quizzes Today
1
Find the US States - No Outlines Minefield
2
Find the Countries of Europe - No Outlines Minefield
3
The Countries of the World
4
Find the US States
5
Risky Map Clicking: Biggest States A-Z
6
US States
7
Popular People in 1961
8
Movies - When Are They Set?
More Religion Quizzes
Kosher Animals
Published
Trending Quizzes
Risky Map Clicking: Least Populous States A-Z
Countries of the World: 200 Million BC
Billboard Blitz: Aretha Franklin
1-10 Letter G Words
Famous Russians: Author or Composer?
Recently Updated
Leaping Animals
pecheneg
Reality TV Shows (A-Z)
bhenderson79
Rickey Henderson's Hall of Fame Teammates
pecheneg
Champions League XIs: Arsenal
pecheneg
Quick Pick: Celebrities in WWE's Hall of Fame
aduchscher
A-Z Keypad Blitz II
pecheneg
Multiple Oscar Actors
pecheneg
Mystery Phrase Blitz: Oscar 'Best Actors'
pecheneg
F. Scott Fitzgerald Novels
LTH
Pick 3 Villains
ddd62291
Trending Topics
NBA
Kpop
Harry Potter
Marvel
Disney
Crossword
Anime
NFL
Puzzle
Pokémon
Song
Soccer
Country
WWE
The Office
Your Account Isn't Verified!
In order to create a playlist on Sporcle, you need to verify the email address you used during registration. Go to your
Sporcle Settings
to finish the process.
Report this User
Report this user for behavior that violates our
Community Guidelines
.
Details:
Send Report
Go to the Sporcle.com Mobile Site →
Comments